Caracterización de dos suelos Molisoles en el Campo Napostá, DA-UNS /

Guardado en:
Autor Principal: Borel, Mauricio.
Autor Corporativo: Universidad Nacional del Sur. Departamento de Agronomía.
Otros Autores: Buss, Agustín.
Formato: Libro
Idioma:Spanish
Publicado: Bahía Blanca, 2022.
Acceso en línea:Acceso texto completo
Etiquetas: Agregar Etiqueta
Sin Etiquetas, Sea el primero en etiquetar este registro!
LEADER 00861nam a22001935a 4500
001 EEA.libagro011429
008 220804s2022####ag############000#0#spa#d
005 20221017125931.0
245 1 0 |a Caracterización de dos suelos Molisoles en el Campo Napostá, DA-UNS /  |c Mauricio Borel y Agustín Buss. 
260 |a Bahía Blanca,  |c 2022. 
300 |a 68 h. :  |b il. (algunas col:) ;  |c 30 cm. 
500 |a Técnico Superior Agrario en Suelos y Aguas) -- Universidad Nacional del Sur. Departamento de Agronomía, 2022. 
530 |a Disponible también en línea 
100 1 |a Borel, Mauricio. 
700 1 |a Buss, Agustín. 
710 2 |a Universidad Nacional del Sur.  |b Departamento de Agronomía. 
082 0 4 |a 631.478212 
856 4 1 |3 Acceso texto completo  |u https://repositoriodigital.uns.edu.ar/handle/123456789/6154 
859 |a AR-BbBCA  |b BIB. AGRONOMIA  |h 631.478212  |i B731  |p 2022/7231